000 00523nam a2200181Ia 4500
003 GCL
008 140319s9999 xx 000 0 ara d
040 _aGCL /
_cGCL
082 0 4 _a810
_bع ا
100 1 _aعبدالله كنون الحسينى
245 1 0 _aالتعاشيب /
_cعبدالله كنون الحسينى
260 _a[S.N] :
_bدار الكتاب اللبنانى ،
_c1975
300 _a158 ص
490 _a
650 0 4 _aالادب العربى
650 0 4 _aتاريخ ونقد
942 _2ddc
_cBK
999 _c48646
_d48646